| 000 | 01012nam a22003257a 4500 | ||
|---|---|---|---|
| 001 | BR0103037 | ||
| 003 | BR-BrBNA | ||
| 005 | 20230928100902.0 | ||
| 007 | ta | ||
| 008 | 230509b bl.||||| |||| 00| 0 por d | ||
| 040 |
_aBR-BrBNA _bpor _cBiblioteca Nacional de Agricultura |
||
| 041 | _a(Por) | ||
| 072 |
_aF30; H20 _b0120 _b4120 |
||
| 090 | _ 0120 BR0103037 | ||
| 100 | 1 | _aBrunelli, K.R. | |
| 110 | 1 |
_aEscola Superior de Agricultura Luiz de Queiroz, Piracicaba, SP (Brasil) _0Tese (Mestre em Agronomia) |
|
| 245 | 1 | _aMapeamento de genes de resistencia a Puccinia polysora Underw em milho (Zea mays) | |
| 260 | 3 |
_aPiracicaba, SP (Brasil): _c2000. |
|
| 300 | _a70 p. | ||
| 500 | _aSummaries (Eng, Por); Bibliography p. 59-70; 10 tables; 6 illus. | ||
| 650 | _aMilho | ||
| 650 | _aFerrugem | ||
| 650 | _aVariedade Resistente | ||
| 650 | _aMelhoramento Vegetal | ||
| 650 | _aMarcador Molecular | ||
| 650 | _aHibrido | ||
| 650 | _aEstufa | ||
| 909 |
_a202309 _bLucia _c55 _dLucia Elande |
||
| 942 | _cBK | ||
| 999 |
_c63244 _d63244 |
||